Countries Whose Leaders Have Addressed US Congress - Statistics

General Stats
  • This quiz has been taken 115 times
    20 since last reset
  • The average score is 47 of 63
Answer Stats
# Country Leader(s) % Correct
15 France Emmanuel Macron (2018); Nicolas Sarkozy (2007); Jacques Chirac (1996); François Mitterrand (1984); Valéry Giscard d'Estaing (1976); Georges Pompidou (1970); Charles de Gaulle (1960); Guy Mollet (1957); Pierre Mendès France (1954); Vincent Auriol (1951); André de la Boulaye (1934); Jules Jusserand (1918;1917); René Viviani (1917); Gilbert du Motier (1824)
100%
9 Italy Silvio Berlusconi (2006); Giulio Andreotti (1990); Bettino Craxi (1985); Antonio Segni (1964); Amintore Fanfani (1958); Giovanni Gronchi (1956); Mario Scelba (1955); Alcide De Gasperi (1951); Ferdinando di'Savoia & Guglielmo Marconi (1917)
100%
2 Russia Boris Yeltsin (1992); Boris Bakhmeteff (1917)
100%
15 United Kingdom Charles III (2026); Gordon Brown (2009); Tony Blair (2003); Elizabeth II (1991); Margaret Thatcher (1985); Harold Macmillan (1960,1958); Anthony Eden (1956); Winston Churchill (1952;1943;1941); Clement Attlee (1945); George VI (1939); Ramsay MacDonald (1929); Arthur Balfour (1917)
100%
6 Brazil José Sarney (1986); João Goulart (1962;1956); Juscelino Kubitschek (1956); Eurico Dutra (1949); Epitácio Pessoa (1919)
93%
8 Germany / West Germany Angela Merkel (2009); Richard von Weizsäcker (1992); Karl Carstens (1983); Walter Scheel (1975); Kurt Georg Kiesinger (1967); Konrad Adenauer (1961;1957); Theodor Heuss (1958)
93%
8 India Narendra Modi (2023;2016); Manmohan Singh (2005); Atal Bihari Vajpayee (2000); P. V. Narasimha Rao (1994); Rajiv Gandhi (1985); Sarvepalli Radhakrishnan (1954); Jawaharlal Nehru (1949)
93%
9 Ireland Bertie Ahern (2008); John Bruton (1996); Garret FitzGerald (1984); Liam Cosgrave (1976); Éamon de Valera (1964); Seán T. O'Kelly (1959); John A. Costello (1956); W. T. Cosgrave (1928); Charles Stewart Parnell (1880)
93%
10 Japan Fumio Kishida (2024); Shinzo Abe (2015); Hayato Ikeda (1961); Nobusuke Kishi (1957); Shigeru Yoshida (1954); Zentaro Kosaka (1951); Tadao Kuraishi & Aisuke Okamoto (1951); Chojiro Kuriyama & Tokutarō Kitamura (1950); Kikujirō Ishii (1917); Tomomi Iwakura (1872)
93%
8 Mexico Felipe Calderón (2010); Vicente Fox (2001); Carlos Salinas de Gortari (1989); Miguel de la Madrid (1984); José López Portillo (1977); Luis Echeverría (1972); Gustavo Díaz Ordaz (1967); Miguel Alemán Valdés (1947)
93%
3 Netherlands Beatrix (1982); Juliana (1952); Wilhelmina (1942)
93%
2 Peru Manuel Prado (1961;1942)
93%
1 Poland Lech Wałęsa (1989)
93%
2 Spain José María Aznar (2004); Juan Carlos I (1976)
93%
3 Belgium Baudouin (1959); Albert I (1919); Ludovic Moncheur (1917)
87%
4 Canada Brian Mulroney (1988); Pierre Trudeau (1977); Vincent Massey (1954); John Buchan (1937)
87%
2 China Soong Mei-ling (1943); Anson Burlingame (1868)
87%
2 Cuba Guillermo Belt (1948); Fulgencio Batista (1942)
87%
3 Greece Kyriakos Mitsotakis (2022); Konstantinos Karamanlis (1961); George II (1942)
87%
10 Israel Benjamin Netanyahu (2024;2015;2011;1996); Isaac Herzog (2023); Ehud Olmert (2006); Shimon Peres (1995); Yitzhak Rabin (1994;1976); Chaim Herzog (1987)
87%
5 Philippines Corazon Aquino (1986); Ferdinand Marcos (1966); Carlos P. Garcia (1958); Elpidio Quirino (1949); Manuel L. Quezon (1942)
87%
7 South Korea Yoon Suk Yeol (2023); Park Geun-hye (2013); Lee Myung-bak (2011); Kim Dae-jung (1998); Kim Yong-sam (1995); Roh Tae-woo (1989); Syngman Rhee (1954)
87%
5 Ukraine Volodymyr Zelenskyy (2022;2022); Olena Zelenska (2022); Petro Poroshenko (2014); Viktor Yushchenko (2005)
87%
3 Argentina Carlos Menem (1991); Raúl Alfonsín (1985); Arturo Frondizi (1959)
80%
5 Australia Julia Gillard (2011); John Howard (2002); Bob Hawke (1988); Robert Menzies (1955;1950)
80%
2 Chile Eduardo Frei (1997); Gabriel González Videla (1950)
80%
1 Colombia Alberto Lleras Camargo (1960)
80%
2 Ecuador Galo Plaza (1951); Carlos Arroyo del Río (1942)
80%
2 Haiti Paul Magloire (1955); Élie Lescot (1943)
80%
2 Hungary Albert Apponyi (1911); Lajos Kossuth (1852)
80%
1 Indonesia Sukarno (1956)
80%
1 Iran Mohammad Reza (1962)
80%
2 Iraq Nouri Al-Maliki (2006); Ayad Allawi (2004)
80%
4 Pakistan Benazir Bhutto (1989); Ayub Khan (1961); Huseyn Shaheed Suhrawardy (1957); Liaquat Ali Khan (1950)
80%
1 Paraguay Higinio Morínigo (1943)
80%
1 Romania Emil Constantinescu (1998)
80%
2 Thailand Bhumibol Adulyadej (1960); Plaek Phibunsongkhram (1955)
80%
2 Venezuela Rafael Caldera (1970); Isaías Medina Angarita (1944)
80%
1 Bolivia Enrique Peñaranda (1943)
73%
1 Costa Rica Óscar Arias (1987)
73%
1 Egypt Anwar Sadat (1975)
73%
2 Ethiopia Haile Selassie (1963;1954)
73%
1 Singapore Lee Kuan Yew (1985)
73%
1 Turkey Celâl Bayar (1954)
73%
3 Afghanistan Ashraf Ghani (2015); Hamid Karzai (2004); Mohammad Daoud Khan (1958)
67%
2 Czechoslovakia Václav Havel (1990); Edvard Beneš (1943)
67%
2 El Salvador José Napoleón Duarte (1987); José María Lemus (1959)
67%
2 Nicaragua Violeta Chamorro (1991); Anastasio Somoza García (1939)
67%
1 Nigeria Abubakar Tafawa Balewa (1961)
67%
3 South Africa Nelson Mandela (1994;1990); Jan Smuts (1930)
67%
1 Yugoslavia Peter II (1942)
67%
1 Serbia Milenko R. Vesnić (1918)
60%
1 Tunisia Habib Bourguiba (1961)
60%
1 Vatican City Francis (2015)
60%
2 Jordan Abdullah II (2007); Hussein (1994)
53%
1 Latvia Vaira Vīķe-Freiberga (2006)
47%
3 Liberia Ellen Johnson Sirleaf (2006); William Tolbert (1976); Edwin Barclay (1943)
47%
1 NATO Jens Stoltenberg (2019)
47%
1 Burma U Nu (1955)
40%
1 Ghana Kwame Nkrumah (1958)
33%
1 Nepal Mahendra (1960)
33%
1 South Vietnam Ngô Đình Diệm (1957)
33%
1 Hawaii Kalākaua (1874)
7%
No matching quizzes found
Score Distribution
Percent of People with Each Score
Percentile by Number Answered
Your Score History
You have not taken this quiz since the last reset